LEADER 01461cam2 22003253 450 001 SOB018924 005 20191128182217.0 010 $a9004112154 100 $a20040211d1998 |||||ita|0103 ba 101 $alat 102 $aNL 200 1 $a<<3,1.4: >>Analytica priora$eTranslatio Boethii (recensiones duae) Translatio Anonyma Pseudo-Philoponi Aliorumque Scholia Specimina Translationum Recentiorum$fed. L. Minio Paluello 205 $aEd. altera adiunctis scholiorum in analytica priora supplementis a James Shiel Compositis 210 $aLeiden$aNew York$aKöln$cBrill$d1998 215 $aLXXXVIII, 514 p.$d25 cm 225 2 $aCorpus Philosophorum Medii Aevi$vIII, 1-4 300 $a(n.i.113040-lt) 410 1$1001LAEC00018405$12001 $a*Corpus Philosophorum Medii Aevi$vIII, 1-4 461 1$1001SOBE00044627$12001 $aAritoteles latinus / editioni curandae praesidet L. Minio Paluello ; [poi] G. Verbeke 700 0$aAristoteles$3AF00011489$4070$04207 702 1$aMinio-Paluello, Lorenzo$3SOBA00008732$4070 801 0$aIT$bUNISOB$c20191128$gRICA 850 $aUNISOB 852 $aUNISOB$jFondo|Crie$m113040 912 $aSOB018924 940 $aM 102 Monografia moderna SBN 941 $aM 957 $aFondo|Crie$b000656$gSI$d113040$hCrie$rACQUISTO$1bethb$2UNISOB$3UNISOB$420140730112638.0$520191128182217.0$6bethb$fModalità di consultazione vedi homepage della Biblioteca link Fondi 996 $aAnalytica priora$920006 997 $aUNISOB LEADER 02841nam 2200577 450 001 9910463741703321 005 20200520144314.0 010 $a1-78238-255-0 035 $a(CKB)2670000000502867 035 $a(EBL)1375267 035 $a(SSID)ssj0001108306 035 $a(PQKBManifestationID)12487000 035 $a(PQKBTitleCode)TC0001108306 035 $a(PQKBWorkID)11086159 035 $a(PQKB)10891541 035 $a(MiAaPQ)EBC1375267 035 $a(Au-PeEL)EBL1375267 035 $a(CaPaEBR)ebr10833627 035 $a(CaONFJC)MIL571848 035 $a(OCoLC)869519868 035 $a(EXLCZ)992670000000502867 100 $a20130502d2014 uy| 0 101 0 $aeng 135 $aur|n|---||||| 181 $ctxt 182 $cc 183 $acr 200 14$aThe history of the Stasi $eEast Germany's secret police, 1945-1990 /$fJens Gieseke ; translated by David Burnett 210 1$aNew York :$cBerghahn Books,$d2014. 215 $a1 online resource (277 p.) 300 $aOriginally published under title: Mielke-Konzern. Stuttgart : Deutsche Verlags-Anstalt, 2001. 311 $a1-78238-254-2 311 $a1-306-40597-1 320 $aIncludes bibliographical references and index. 327 $aAntifascism, Stalinism, cold civil war : origins and influences, 1945 to 1956 -- The safest GDR in the world : the driving forces of Stasi growth -- The unofficial collaborator : a new type of informer -- Blanket surveillance? state security in East German society -- Resistance, opposition, persecution -- Wolf and Co. : MFS operations abroad -- Final crisis and collapse, 1989-90 -- Legacy, aufarbeitung, culture of memory : the second life of the Stasi. 330 $a The East German Ministry for State Security stood for Stalinist oppression and all-encompassing surveillance. The "shield and sword of the party," it secured the rule of the Communist Party for more than forty years, and by the 1980s it had become the largest secret-police apparatus in the world, per capita. Jens Gieseke tells the story of the Stasi, a feared secret-police force and a highly professional intelligence service. He inquires into the mechanisms of dictatorship and the day-to-day effects of surveillance and suspicion. Masterful and thorough at once, he takes the reader through t 606 $aInternal security$zGermany (East)$xHistory 606 $aSecret service$zGermany (East)$xHistory 608 $aElectronic books. 615 0$aInternal security$xHistory. 615 0$aSecret service$xHistory. 676 $a363.28/30943109045 700 $aGieseke$b Jens$0865121 701 $aBurnett$b David$0643531 801 0$bMiAaPQ 801 1$bMiAaPQ 801 2$bMiAaPQ 906 $aBOOK 912 $a9910463741703321 996 $aThe history of the Stasi$91931024 997 $aUNINA LEADER 03815 am 22008653u 450 001 9910342949503321 005 20200229105050.0 010 $a1-64469-113-2 035 $a(CKB)4100000009609569 035 $a(OAPEN)1005620 035 $a(DE-B1597)541116 035 $a(OCoLC)1129597176 035 $a(DE-B1597)9781644691137 035 $a(ScCtBLL)33deb64a-21d0-40b4-ac5a-ca0ecaab6d16 035 $a(MiAaPQ)EBC6871064 035 $a(Au-PeEL)EBL6871064 035 $a(OCoLC)1281546061 035 $a(EXLCZ)994100000009609569 100 $a20200229h20192019 fg 101 0 $aeng 135 $auuuuu---auuuu 181 $ctxt$2rdacontent 182 $cc$2rdamedia 183 $acr$2rdacarrier 200 10$aFilm as Embodied Art $eBodily Meaning in the Cinema of Stanley Kubrick /$fMaarten Coëgnarts 210 1$aBoston, MA : $cAcademic Studies Press, $d[2019] 210 4$d©2019 215 $a1 online resource (264 p.) 311 $a1-61811-836-6 327 $tFrontmatter -- $tContents -- $tList of Illustrations -- $tAcknowledgments -- $tIntroduction. The Theoretical Context of This Study -- $tChapter 1. Identifying the Meaning: In Search of the Concepts of Kubrick's Films -- $tChapter 2. Embodying the Meaning: The Role of Image Schemas, Metaphors, and Metonymies -- $tChapter 3. Setting the Conditions of Embodied Meaning-Making in Film: The Role of Film Style and Acting -- $tChapter 4. Fleshing Out the Embodied Meaning Visually: The Art of Kubrick -- $tChapter 5. Seeing and Listening to Kubrick's Films: The Embodied Film Viewer -- $tAppendix -- $tGlossary -- $tFilmography -- $tDiscography -- $tBibliography -- $tIndex 330 $aHow do the films of Kubrick communicate mental events of characters in a purely visual manner? And how does the music in his films express meaning when music in essence is an abstract and non-representational art form? Drawing on state-of-the-art discoveries within embodied cognitive science, this book sets out to address these and other questions by revealing Kubrick as a genuine artist of embodied meaning-making, a filmmaker who perhaps more than any other director, uses all the resources of filmmaking in such a controlled and dense manner as to elicit the embodied tools necessary to achieve a level of conceptual clarity. 606 $aFilm theory & criticism$2bicssc 608 $aElectronic books. 610 $a2001: A Space Odyssey. 610 $a20th century film. 610 $aBarry Lyndon. 610 $aEyes Wide Shut. 610 $aPaths of Glory. 610 $aStanley Kubrick. 610 $aThe Shining. 610 $aaesthetics. 610 $aartistic intention. 610 $acinema studies. 610 $acognitive film theory. 610 $acognitive linguistics. 610 $acommunication. 610 $adirecting. 610 $aembodied cognitive science. 610 $aembodied meaning. 610 $aevolutionary theory. 610 $afilm as language. 610 $afilm scores. 610 $afilm semiotics. 610 $afilm studies. 610 $afilm. 610 $afilmmaking. 610 $ametaphor. 610 $amethodology. 610 $amusic. 610 $aperception. 610 $aphilosophy. 610 $apsychoanalysis. 610 $ascreenwriting. 610 $asemiotics. 610 $atwentieth century film. 615 7$aFilm theory & criticism 676 $a791.430233092 700 $aCoëgnarts$b Maarten, $4aut$4http://id.loc.gov/vocabulary/relators/aut$0967932 712 02$aKnowledge Unlatched$4fnd$4http://id.loc.gov/vocabulary/relators/fnd 801 0$bDE-B1597 801 1$bDE-B1597 906 $aBOOK 912 $a9910342949503321 996 $aFilm as Embodied Art$92198258 997 $aUNINA LEADER 02160nam 2200589 450 001 9910817217303321 005 20170821171528.0 010 $a1-4704-0449-4 035 $a(CKB)3360000000464398 035 $a(EBL)3113618 035 $a(SSID)ssj0000973228 035 $a(PQKBManifestationID)11542077 035 $a(PQKBTitleCode)TC0000973228 035 $a(PQKBWorkID)10959279 035 $a(PQKB)10536593 035 $a(MiAaPQ)EBC3113618 035 $a(RPAM)863119 035 $a(PPN)195410971 035 $a(EXLCZ)993360000000464398 100 $a20790105h19791979 uy| 0 101 0 $aeng 135 $aur|n|---||||| 181 $ctxt 182 $cc 183 $acr 200 10$aIdeals over uncountable sets $eapplication of almost disjoint functions and generic ultrapowers /$fThomas Jech and Karel Prikry 210 1$aProvidence :$cAmerican Mathematical Society,$d[1979] 210 4$d©1979 215 $a1 online resource (76 p.) 225 1 $aMemoirs of the American Mathematical Society,$x0065-9290 ;$vvolume 18, number 214 (March 1979) 300 $a"Volume 18, number 214 (second of 3 numbers)." 311 $a0-8218-2214-4 320 $aIncludes bibliographical references. 327 $a""Table of Contents""; ""0. Introduction""; ""1. Ideals over uncountable sets""; ""2. Generic ultrapowers""; ""3. Saturation of ideals and the G.C.H""; ""4. The singular cardinals problem""; ""5. Almost disjoint functions""; ""6. Applications of almost disjoint functions""; ""7. Nonregular ultrafilters and the G.C.H"" 410 0$aMemoirs of the American Mathematical Society ;$vnumber 214. 606 $aCombinatorial set theory 606 $aCardinal numbers 606 $aIdeals (Algebra) 615 0$aCombinatorial set theory. 615 0$aCardinal numbers. 615 0$aIdeals (Algebra) 676 $a510/.8 s 676 $a511/.3 700 $aJech$b Thomas J.$041994 702 $aPrikry$b Karel$f1944- 801 0$bMiAaPQ 801 1$bMiAaPQ 801 2$bMiAaPQ 906 $aBOOK 912 $a9910817217303321 996 $aIdeals over uncountable sets$93970657 997 $aUNINA